Incidencia de elevación de glucosa basal y post-pandrial en embarazadas primiparas que asisten a la consulta de ginecología del sub-centro de salud Villa La Mata en los Meses de Febrero-Marzo 2011 con edades 15-35 años / Yesenia Claribel García Guillot, Migdalia Ulloa Jímenez, Ana Massiel Hernández Bautista ; asesor Eva Crucelina Abreu (Registro nro. 11223)

Detalles MARC
000 -LEADER
fixed length control field 01257nam a22002411a 4500
001 - CONTROL NUMBER
control field 11223
003 - CONTROL NUMBER IDENTIFIER
control field OSt
005 - DATE AND TIME OF LATEST TRANSACTION
control field 20260204212233.0
008 - FIXED-LENGTH DATA ELEMENTS--GENERAL INFORMATION
fixed length control field 120116s2011||||dr ||||||b||||||||||spa||
090 ## - LOCALLY ASSIGNED LC-TYPE CALL NUMBER (OCLC); LOCAL CALL NUMBER (RLIN)
Classification number (OCLC) (R) ; Classification number, CALL (RLIN) (NR) BIO 2011 G17
100 1# - ASIENTO PRINCIPAL -- NOMBRE PERSONAL
Personal name García Guillot, Yesenia Claribel
Relator term sustentante
245 1# - TÍTULO PROPIAMENTE DICHO: SUBTÍTULO
Title Incidencia de elevación de glucosa basal y post-pandrial en embarazadas primiparas que asisten a la consulta de ginecología del sub-centro de salud Villa La Mata en los Meses de Febrero-Marzo 2011 con edades 15-35 años / Yesenia Claribel García Guillot, Migdalia Ulloa Jímenez, Ana Massiel Hernández Bautista ; asesor Eva Crucelina Abreu
260 ## - PUBLICATION, DISTRIBUTION, ETC.
Place of publication, distribution, etc. Cotuí, República Dominicana :
Name of publisher, distributor, etc. UTECO,
Date of publication, distribution, etc. 2011
300 ## - PHYSICAL DESCRIPTION
Extensión 36 hojas
502 ## - THESIS NOTE
Dissertation note Trabajo de grado (Licenciatura en Bioanálisis )--Universidad Tecnológica del Cibao Oriental, 2011. <br/>
504 ## - BIBLIOGRAPHY, ETC. NOTE
Bibliography, etc. note incluye referencia bibliográfica e índice
650 #4 - ASIENTO SECUNDARIO DE MATERIA -- TERMINO TOPICO
Asiento secundario de materia Incidencia de elevación de glucosa basal y post-pandrial
700 1# - ASIENTO SECUNDARIO -- NOMBRE PERSONAL
Personal name Ulloa Jímenez, Migdalia
Relator term sustentante
700 1# - ASIENTO SECUNDARIO -- NOMBRE PERSONAL
Personal name Hernández Bautista, Ana Massiel
Relator term sustentante
700 1# - ASIENTO SECUNDARIO -- NOMBRE PERSONAL
Personal name Crucelina Abreu, Eva
Relator term asesor
830 ## - ASIENTO SECUNDARIO DE SERIE - TÍTULO UNIFORME
Uniform title Tesis y disertaciones académicas (Universidad Tecnológica del Cibao Oriental)
942 ## - ADDED ENTRY ELEMENTS (KOHA)
Source of classification or shelving scheme Clasificación Local
Koha item type Tesis
Existencias
Withdrawn status Lost status Source of classification or shelving scheme Damaged status Not for loan Collection code Home library Current library Shelving location Date acquired Inventory number Total Checkouts Full call number Barcode Date last seen Copy number Price effective from Koha item type
    Clasificación Local   Préstamo Interno Trabajos de Grado e Investigación   Biblioteca UTECO En Estantería 09/09/2019 BT-2011-003   BIO 2011 G17 BT-2011-003 09/09/2019 Ej.1 09/09/2019 Tesis
© 2021 Derechos Reservados UTECO - Teléfono: +1 809-585-2291 - Correo electrónico: biblioteca@uteco.edu.do​  
Código postal 43000 ​​
Dirección: Avenida Universitaria No. 100, 
Cotuí, Provincia Sánchez Ramírez, República Dominicana - RNC: 404-00059-6